Celebrity Sorting #3 - Statistics

General Stats
  • This quiz has been taken 27 times
  • The average score is 8 of 15
Answer Stats
Hint Answer % Correct
Will Ferrell 1. Actor/Actress
96%
Mick Jagger 9. Musican
77%
Spike Lee 10. Director
65%
Harper Lee 2. Author
62%
Marvin Gaye 9. Musican
62%
Octavia Spencer 1. Actor/Actress
58%
Mia Hamm 6. Athlete
58%
Melinda French Gates 5. Entrepreneur/Businessperson
54%
Georgia O'Keeffe 8. Painter
50%
Joseph Smith Jr 3. Religious Leader
42%
Bob Woodward 4. Reporter/Journalist
42%
Barbara Walters 4. Reporter/Journalist
38%
Ilhan Omar 7. Politician
38%
Toni Morrison 2. Author
35%
Mary Cassatt 8. Painter
27%
No matching quizzes found
Score Distribution
Percent of People with Each Score
Percentile by Number Answered
Your Score History
You have not taken this quiz